00571nam a22001577a 4500999001900000082002400019100002800043245007800071260005500149300001000204650003100214650002300245650001300268942000700281952012500288 c144693d144693 aM 494.812 09bKUN/K aKunjan Pillai Ilamkulam aKeralabhashayude Vikaasaparinaamangal Part 1/cby Kunjan Pillai Ilamkulam aKottayam:bSahitya Pravarthaka Cooperative,c1997. a208p. aLanguage Malayalam History aLanguage Malayalam aLanguage cBK 00104070aSSUSbSSUScSTACKSd2020-03-16g46.00l6oM 494.812 09 KUN/Kp099468r2026-01-20s2026-01-17w2020-03-16yBK